000 00446nam a22001577a 4500
020 _a9780073380285
040 _cNust
082 _a620.112
_bMECH
100 _aFerdinand P. Beer
_913404
110 _aE. Russel Johnston, Jr., John T. De Wolf, David F. Mazurek
_9124727
245 _aMechanics of Materials
250 _a6th Edition
260 _aNew York:
_bMcGraw-Hill,
_c2012.
650 _aMechanics of Materials
_961267
942 _2ddc
_cBK
999 _c610526
_d610526